00798nam a22001817a 450000500170000000800410001704100080005804400070006608200150007311001240008824500750021226000430028730000460033050000920037650000220046865000670049065000590055720161123161411.0130729b ck ||||| |||| 00| 0 spa d aspa ack a570bC787b aCorporación para el Desarrollo Sostenible del Archipiélago de San Andrés, Providencia y Santa Catalina - CORALINA aMódulo de Biodiversidadbcurrículo Bctextos de Jairo Lasso Zapata aSan Andrés (Colombia)bCORALINAc[?] a105 p.bil., mapas, cuestionariosc28 cm. aLibro guía docente para instituciones educativas de la Reserva de Biosfera Seaflower. aGrados 6° a 11° aEducación AmbientalzSan Andrés (Archipiélago, Colombia) aBiodiversidadzSan Andrés (Archipiélago, Colombia)